| 000 | 00721nam a2200193 a 4500 | ||
|---|---|---|---|
| 001 | 000301572 | ||
| 003 | AM-YeHGA | ||
| 005 | 20250618071937.0 | ||
| 008 | 040120s1969 ai 000 | arm d | ||
| 040 | _aAM-YeHGA | ||
| 041 | 0 | _aarm | |
| 100 | 1 |
_aՈւմառյան, Սերգեյ Հովհաննեսի, _d1920-1995 _92472 |
|
| 245 | 1 | 0 |
_aՍարսափի ձայներ : _b[Վիպակ] / _cՍ.Հ. Ումառյան; Խմբ.՝ Մ.Դ. Սարգսյան. |
| 260 |
_aԵրևան : _bՀայաստան, _c1969. |
||
| 300 |
_a94 էջ : _bդիմանկ. ; _c16 սմ. |
||
| 650 | 1 | 4 |
_aՀայ գրականություն _xՎիպակ |
| 700 | 1 |
_aՍարգսյան, Մկրտիչ Դիվինի, _d1924-2002 _eխմբ. _4edt _91063 |
|
| 090 | _c112382 | ||
| 999 |
_c111045 _d111045 |
||